बसंती झरना / (Record no. 117275)

MARC details
000 -LEADER
fixed length control field 01069nam a22002537a 4500
005 - DATE AND TIME OF LATEST TRANSACTION
control field 20170124103053.0
010 ## - LIBRARY OF CONGRESS CONTROL NUMBER
LC control number A-890100
020 ## - INTERNATIONAL STANDARD BOOK NUMBER
Terms of availability 150.00
International Standard Book Number 8172017758
035 ## - SYSTEM CONTROL NUMBER
System control number A-890100
037 ## - SOURCE OF ACQUISITION
Source of stock number/acquisition Cen Lib/Ret
040 ## - CATALOGING SOURCE
Original cataloging agency DPL
Language of cataloging HN
082 ## - DEWEY DECIMAL CLASSIFICATION NUMBER
Classification number
Item number तुर्गने
100 ## - MAIN ENTRY--PERSONAL NAME
Personal name तुर्गनेव, ईवान
9 (RLIN) 71112
245 ## - TITLE STATEMENT
Title बसंती झरना /
Statement of responsibility, etc ईवान तुर्गनेव
246 ## - VARYING FORM OF TITLE
Title proper/short title Basanti jharna /
Remainder of title by Ivan Turganev
260 ## - PUBLICATION, DISTRIBUTION, ETC. (IMPRINT)
Place of publication, distribution, etc नयी दिल्ली
Date of publication, distribution, etc 1999
Name of publisher, distributor, etc संस्कृति साहित्य
270 ## - ADDRESS
City नयी दिल्ली
Address 30/12 ए-22 गली न.९, विश्वास नगर, शाहदरा
Postal code 110032
300 ## - PHYSICAL DESCRIPTION
Extent 191पृ.
Dimensions 19सेमी(सजिल्द )
650 ## - SUBJECT ADDED ENTRY--TOPICAL TERM
Topical term or geographic name as entry element रूसी साहित्य
9 (RLIN) 71113
650 ## - SUBJECT ADDED ENTRY--TOPICAL TERM
Topical term or geographic name as entry element रूसी साहित्य
General subdivision उपन्यास
9 (RLIN) 71114
650 ## - SUBJECT ADDED ENTRY--TOPICAL TERM
Topical term or geographic name as entry element Russian literature
9 (RLIN) 71115
650 ## - SUBJECT ADDED ENTRY--TOPICAL TERM
Topical term or geographic name as entry element Russian literature
General subdivision fiction
9 (RLIN) 71116
942 ## - ADDED ENTRY ELEMENTS (KOHA)
Source of classification or shelving scheme Dewey Decimal Classification
Koha item type Hindi Books
Classification part
Call number suffix तुर्गने
Holdings
Withdrawn status Lost status Damaged status Not for loan Home library Current library Date acquired Source of acquisition Cost, normal purchase price Total Checkouts Full call number Barcode Date last seen Copy number Cost, replacement price Price effective from Koha item type Public note
Written off       Central Library Central Library 26/08/2015 Cen Lib/Ref 150.00   क तुर्गने A-890100 26/08/2015 1 150.00 26/08/2015 Hindi Books Written off on approval by DLB (By Circulation); dtd 20.12.2022

© Delhi Public Library
Hit Counter
free hit counter